000 00366 a2200169 4500
001 71570
020 _a8532250289
040 _cAnchieta - Colégio São Paulo
100 _aJosé, Elias
240 1 0 _aDe olho nos bichos
_lpor
245 1 0 _aDe olho nos bichos
300 _a47
362 0 _a2003
440 1 _aFTD
650 4 _aLiteratura infantil
942 _cBK
999 _c71570
_d71570